[Event "zt-A"]
[Site "Randers"]
[Date "1982.??.??"]
[Round "9"]
[White "Hoi, Carsten"]
[Black "Kagan, Shimon"]
[Result "0-1"]
[WhiteElo "2425"]
[BlackElo "2425"]

1. d4 g6 2. c4 Bg7 3. Nc3 d6 4. e4 Nd7 5. Nge2 e5 6. Be3 Ngf6 7. f3 c6
8. d5 cxd5 9. cxd5 O-O 10. g4 h6 11. h3 Nh7 12. Qd2 a6 13. O-O-O h5
14. g5 b5 15. Kb1 Nb6 16. Nc1 b4 17. Qf2 Rb8 18. Bxb6 Qxb6 19. Qxb6
Rxb6 20. Na4 Rb8 21. Rg1 Rd8 22. Nd3 Bf8 23. Rc1 Be7 24. Rc7 Bxg5 25.
b3 Be3 26. Rh1 Nf6 27. Ndb2 Bd4 28. Rh2 Ne8 29. Rcc2 f5 30. Nc4 fxe4
31. fxe4 Nf6 32. Bd3 Bd7 33. Nab2 Bb5 34. Rhg2 Kh7 35. Rc1 Rb7 36. Rf1
Kg7 37. Rf5 Nh7 38. Rf3 Rf7 39. Rxf7+ Kxf7 40. Na5 Bxb2 41. Bxb5 axb5
42. Kxb2 Kg7 43. Nc6 Re8 44. Kc2 Kh6 45. Nxb4 Ng5 46. Re2 Rf8 47. Re3
Rf4 48. Kd3 Rf1 49. Nc2 Rh1 50. a4 bxa4 51. bxa4 Nxh3 52. a5 Nf4+ 53.
Kc3 Rb1 54. a6 Rb8 55. Re1 h4 56. Ne3 Kh5 57. Kc4 g5 58. Nf5 g4 59. a7
Ra8 60. Ra1 Ne2 61. Kd3 Nd4 62. Nxd4 exd4 63. e5 g3 64. Ke2 h3 65. Kf3
Rxa7 66. Re1 Kh4 0-1

[Event "zt-A"]
[Site "Randers"]
[Date "1982.??.??"]
[Round "9"]
[White "Lobron, Eric"]
[Black "Grunfeld, Yehuda"]
[Result "1/2-1/2"]
[WhiteElo "2440"]
[BlackElo "2505"]

1. e4 c6 2. d4 d5 3. exd5 cxd5 4. Bd3 g6 5. h3 Nc6 6. c3 Nf6 7. Nf3 Bg7
8. O-O O-O 9. Bf4 Ne4 10. Re1 Bf5 11. Na3 Nd6 12. Bxd6 Qxd6 13. Bxf5
gxf5 14. Nc2 e6 15. Qd2 Rad8 16. Qg5 f6 17. Qh5 f4 18. Nh4 Ne7 19. Rad1
a5 20. Na3 Qb6 21. Re2 e5 22. Nf5 Nxf5 23. Qxf5 Qd6 24. Nb5 Qd7 25.
Qxd7 Rxd7 26. f3 a4 27. dxe5 fxe5 28. Red2 Rfd8 29. Kf1 Kf7 30. c4 d4
31. Ke2 Ke6 32. Kd3 Kf5 33. Rc2 Bf8 34. Re2 Bb4 35. Rb1 Rg8 36. Na3
Rdg7 37. Nc2 Bd6 38. Ne1 Rg3 39. b4 Re8 40. Re4 b5 41. c5 Bc7 42. Rb2
Reg8 43. Ree2 Re8 44. Re4 Reg8 45. Rbe2 R3g6 46. a3 R6g7 47. Rc2
1/2-1/2

[Event "zt-A"]
[Site "Randers"]
[Date "1982.??.??"]
[Round "9"]
[White "Wedberg, Tom"]
[Black "Zueger, Beat"]
[Result "1/2-1/2"]
[WhiteElo "2435"]
[BlackElo "2335"]

1. e4 c5 2. Nf3 Nc6 3. d4 cxd4 4. Nxd4 Nf6 5. Nc3 d6 6. Bc4 Qb6 7. Nde2
e6 8. Bb3 Be7 9. O-O O-O 10. Bg5 Na5 11. Qd2 a6 12. Rad1 Rd8 13. Ng3
Qc7 14. Rfe1 b5 15. Nf5 exf5 16. Bxf6 Nxb3 17. axb3 Bxf6 18. Nd5 Qd7
19. Nxf6+ gxf6 20. Qh6 f4 21. Qxf6 Bb7 22. Qg5+ Kh8 23. Qf6+ Kg8 24.
Qg5+ Kh8 25. Qf6+ 1/2-1/2

[Event "zt-A"]
[Site "Randers"]
[Date "1982.??.??"]
[Round "10"]
[White "Grunfeld, Yehuda"]
[Black "Hoi, Carsten"]
[Result "0-1"]
[WhiteElo "2505"]
[BlackElo "2425"]

1. e4 d6 2. d4 Nf6 3. Nc3 g6 4. f4 Bg7 5. Nf3 O-O 6. Bd3 Nbd7 7. O-O e5
8. dxe5 dxe5 9. fxe5 Nxe5 10. Nxe5 Qd4+ 11. Kh1 Qxe5 12. Bf4 Qc5 13.
Qe1 Be6 14. Qh4 Ng4 15. e5 Nxe5 16. Ne4 Qc6 17. Bxe5 Bxe5 18. Ng5 h5
19. Rae1 Bd5 20. Rf2 Rae8 21. Ref1 Qd6 22. c4 Bxg2+ 23. Kxg2 Qxd3 24.
Nxf7 Bg7 25. Rf3 Qe4 26. Qxe4 Rxe4 27. R1f2 Rxc4 28. b3 Rc6 29. Ng5
Rxf3 30. Nxf3 Bf6 31. Kg3 g5 32. h3 Kg7 33. Rd2 Rd6 34. Rc2 c6 35. Kf2
Kg6 36. Ke3 Rd1 37. Ke4 Rd8 38. Rg2 Re8+ 39. Kd3 Rd8+ 40. Ke4 Rd5 41.
Nh4+ Kf7 42. Nf3 Ke6 43. Re2 Rb5 44. Kd3+ Kf5 45. Rf2 Kg6 46. Nd2 Rd5+
47. Ke2 Rf5 48. Rg2 Rc5 49. Kd1 Rc3 50. Rh2 Be5 0-1

[Event "zt-A"]
[Site "Randers"]
[Date "1982.??.??"]
[Round "10"]
[White "Herzog, Adolf"]
[Black "Wedberg, Tom"]
[Result "1-0"]
[WhiteElo "2400"]
[BlackElo "2435"]

1. c3 d6 2. d4 g6 3. e4 Bg7 4. f4 Nf6 5. Bd3 O-O 6. Nf3 Nbd7 7. e5 Ng4
8. Ng5 Nb6 9. O-O f6 10. Nxh7 Kxh7 11. f5 fxe5 12. Qxg4 gxf5 13. Qh5+
Kg8 14. Bh6 Bxh6 15. Qxh6 Rf6 16. Qg5+ Kf8 17. Nd2 Qd7 18. Bxf5 1-0

[Event "zt-A"]
[Site "Randers"]
[Date "1982.??.??"]
[Round "10"]
[White "Kagan, Shimon"]
[Black "Arnason, Jon"]
[Result "1/2-1/2"]
[WhiteElo "2425"]
[BlackElo "2445"]

1. e4 c5 2. Nf3 e6 3. d4 cxd4 4. Nxd4 Nf6 5. Nc3 Nc6 6. g3 d5 7. Bg2
Qb6 8. Nb3 d4 9. e5 Nd7 10. Ne2 Bb4+ 11. c3 dxc3 12. bxc3 Be7 13. Be3
Qc7 14. f4 b6 15. Ned4 Bb7 16. Nb5 Qc8 17. O-O O-O 18. Qe2 a6 19. Nd6
Bxd6 20. exd6 Na7 21. Rac1 Nb5 22. Rfd1 Bxg2 23. Qxg2 Qc4 24. Nd2 Qa4
25. Qc6 Rfd8 26. c4 Nc3 27. Qxa4 Nxa4 28. Rc2 Rac8 29. Ne4 Rc6 30. g4
Rdc8 31. Rdc1 f5 32. gxf5 exf5 33. Ng5 Rxd6 34. Rd2 Rxd2 35. Bxd2 Nf6
36. Be3 h6 37. Nf3 Ne4 38. Ne5 Nec3 39. Rc2 Nd5 40. Kf2 Nc5 41. Rb2 Na4
42. Rb3 Nxe3 43. Kxe3 b5 44. cxb5 axb5 45. Rxb5 Rc2 46. h4 Rxa2 47. h5
Rh2 48. Kd4 Kh7 49. Nd3 Re2 50. Rxf5 Nb6 51. Nc5 Nd7 52. Kd3 Re8 53.
Nxd7 1/2-1/2

[Event "zt-A"]
[Site "Randers"]
[Date "1982.??.??"]
[Round "10"]
[White "Zueger, Beat"]
[Black "Birnboim, Nathan"]
[Result "1-0"]
[WhiteElo "2335"]
[BlackElo "2460"]

1. c4 e5 2. g3 c6 3. Bg2 d5 4. cxd5 cxd5 5. d4 e4 6. Nc3 Nc6 7. f3 f5
8. Nh3 Nf6 9. Bg5 Be6 10. Nf4 Bf7 11. Bxf6 gxf6 12. O-O Qa5 13. e3 Bd6
14. fxe4 fxe4 15. Nh5 O-O-O 16. Rxf6 Rhf8 17. Ng7 Kb8 18. Qb3 Qb4 19.
Qxb4 Nxb4 20. Nf5 Bc7 21. Rf1 Bh5 22. Rxf8 Rxf8 23. Ne7 Rxf1+ 24. Kxf1
Bf7 25. Bh3 Bd8 26. Nf5 Be6 27. g4 Nd3 28. Nd1 Bc7 29. Kg1 Ne1 30. Bg2
Kc8 31. h3 Kd8 32. Kf2 Nd3+ 33. Kf1 Kd7 34. a3 Kc6 35. Ke2 Kb5 36. Kd2
Ka4 37. Bf1 Ba5+ 38. b4 Bb6 39. Nd6 Kb3 40. Nxb7 Bc7 1-0

[Event "zt-A"]
[Site "Randers"]
[Date "1982.??.??"]
[Round "11"]
[White "Arnason, Jon"]
[Black "Grunfeld, Yehuda"]
[Result "1/2-1/2"]
[WhiteElo "2445"]
[BlackElo "2505"]

1. e4 c5 2. Nf3 d6 3. d4 cxd4 4. Nxd4 Nf6 5. Nc3 a6 6. Be3 Qc7 7. a4 e5
8. Nf3 h6 9. a5 Be6 10. Be2 Nbd7 11. O-O Be7 12. Nd5 Nxd5 13. exd5 Bf5
14. c4 O-O 15. b4 Bh7 16. Nd2 f5 17. f3 Bh4 18. Qb3 f4 19. Bf2 Bxf2+
20. Rxf2 Nf6 21. Bd3 Bxd3 22. Qxd3 b6 23. Ne4 Nxe4 24. Qxe4 Rab8 25.
axb6 Rxb6 26. Ra4 Rc8 27. c5 dxc5 28. Rc2 c4 29. h3 Qd7 30. Ra5 Qa7
31. Kh2 Rxb4 32. Qxe5 Qe3 33. Qxe3 fxe3 34. Rxa6 Re8 35. Re6 Rxe6 36.
dxe6 Kf8 37. Kg3 Ke7 38. Kf4 Kxe6 39. Kxe3 Ke5 40. Re2 Ra4 41. Kd2+ Kd4
42. Re4+ Kc5 43. Kc3 Ra3+ 44. Kb2 Kb4 45. Re7 c3+ 46. Kb1 g5 47. Re6
Rb3+ 48. Kc1 Rb2 49. Rb6+ Kc4 50. Rc6+ Kd4 51. Rd6+ Ke3 52. Re6+ Kf4
53. Rxh6 1/2-1/2

[Event "zt-A"]
[Site "Randers"]
[Date "1982.??.??"]
[Round "11"]
[White "Hoi, Carsten"]
[Black "Olafsson, Helgi"]
[Result "1/2-1/2"]
[WhiteElo "2425"]
[BlackElo "2430"]

1. d4 Nf6 2. c4 e6 3. Nc3 Bb4 4. e3 b6 5. Nf3 Ne4 6. Qc2 Bb7 7. Bd3 f5
8. O-O Bxc3 9. bxc3 O-O 10. Nd2 Qh4 11. f3 Nxd2 12. Bxd2 Nc6 13. Rab1
Ba6 14. Qa4 Bb7 15. Qc2 Rad8 16. c5 d6 17. cxd6 cxd6 18. Qb3 Rf6 19. e4
fxe4 20. fxe4 Rdf8 21. Rxf6 Rxf6 22. Rf1 Rxf1+ 23. Kxf1 Kf7 24. Kg1 Ne7
25. Qb1 Ng8 26. Qf1+ Ke7 27. Qf4 Qxf4 28. Bxf4 Nf6 29. e5 dxe5 30. Bxe5
Kf7 31. c4 Be4 32. Be2 Nd7 33. Bd6 e5 34. d5 Kf6 35. Kf2 Nc5 36. Bb8 a6
37. Bc7 b5 38. cxb5 axb5 39. Bxb5 Bxd5 40. a3 Ne4+ 41. Ke3 Nc3 42. Bf1
Bc6 43. Bd6 Ke6 44. Bf8 g6 45. g3 Nd5+ 46. Kd2 e4 47. Bc4 Kf5 48. Bxd5
Bxd5 49. h3 Bc6 1/2-1/2

[Event "zt-A"]
[Site "Randers"]
[Date "1982.??.??"]
[Round "11"]
[White "Tiller, Bjorn"]
[Black "Zueger, Beat"]
[Result "1/2-1/2"]
[WhiteElo "2320"]
[BlackElo "2335"]

1. c4 g6 2. e4 Bg7 3. d4 d6 4. Nc3 Nf6 5. Be2 O-O 6. Nf3 Bg4 7. Be3
Nbd7 8. O-O c6 9. Qc2 e5 10. h3 Bxf3 11. Bxf3 Qe7 12. Rfd1 Ne8 13. Bg4
exd4 14. Bxd4 Bxd4 15. Rxd4 Nc5 16. Rad1 a5 17. Na4 Nxa4 18. Qxa4 h5
19. Bf3 Qe5 20. b4 Nf6 21. b5 c5 22. Rxd6 Nxe4 23. R6d5 Qf4 24. Bxe4
Qxe4 25. Rxc5 Rfd8 26. Rc7 Rd2 27. Rxd2 Qe1+ 28. Kh2 Qxd2 29. Qa3 h4
30. Re7 Qf4+ 31. Kg1 Qxc4 32. Qf3 Qxa2 33. Rxb7 Qa1+ 34. Kh2 Qe5+ 35.
g3 hxg3+ 36. fxg3 Qe6 37. Re7 Qxe7 38. Qxa8+ Kh7 39. Qxa5 Qe2+ 40. Kg1
Qe3+ 41. Kg2 Qe2+ 1/2-1/2

[Event "zt-A"]
[Site "Randers"]
[Date "1982.??.??"]
[Round "11"]
[White "Wedberg, Tom"]
[Black "Kagan, Shimon"]
[Result "0-1"]
[WhiteElo "2435"]
[BlackElo "2425"]

1. e4 c5 2. Nf3 Nc6 3. d4 cxd4 4. Nxd4 g6 5. c4 Bg7 6. Be3 Nf6 7. Nc3
O-O 8. Be2 d6 9. O-O Bd7 10. Rc1 Nxd4 11. Bxd4 Bc6 12. f3 a5 13. Kh1 a4
14. Qd2 Qa5 15. Rfd1 Rfc8 16. Rc2 Nd7 17. Bxg7 Kxg7 18. Rdc1 Nf6 19.
Qd4 Qg5 20. Rf1 Ra5 21. Bd3 Qc5 22. Qxc5 Rxc5 23. Rfc1 g5 24. Nd5 Bxd5
25. cxd5 Nd7 26. Kg1 Kf6 27. Kf2 Ke5 28. Ke3 Rxc2 29. Rxc2 Rxc2 30.
Bxc2 Nb6 31. Kd3 f5 32. Kc3 h5 33. Kb4 fxe4 34. fxe4 Kd4 35. Kb5 Nc4
36. Bxa4 Nxb2 37. Bb3 Nd3 38. Bd1 h4 39. Bf3 Ke3 40. h3 Ne5 0-1